| 000 | 00410nam a22001697a 4500 | ||
|---|---|---|---|
| 999 |
_c17878 _d17878 |
||
| 003 | OSt | ||
| 005 | 20200908103818.0 | ||
| 008 | 200908b ||||| |||| 00| 0 eng d | ||
| 010 | _aGB 1003 .R23 2009 | ||
| 020 | _a9788122419047 | ||
| 040 |
_aSEKU _bLCC |
||
| 100 | _4Raghunath H M | ||
| 245 | _aGround Water | ||
| 250 | _a3rd ed | ||
| 260 |
_aNew Delhi _bNew Age International Publishers |
||
| 942 |
_2lcc _cGEN |
||